Regional income atlas of Madhya Pradesh. (Record no. 77773)

MARC details
000 -LEADER
fixed length control field 00577cam a22001931 4500
001 - CONTROL NUMBER
control field sa 68001178
003 - CONTROL NUMBER IDENTIFIER
control field DLC
005 - DATE AND TIME OF LATEST TRANSACTION
control field 20260227112431.0
008 - FIXED-LENGTH DATA ELEMENTS--GENERAL INFORMATION
fixed length control field 710903s1960 ii b s 00000 eng
010 ## - LIBRARY OF CONGRESS CONTROL NUMBER
LC control number sa 68001178 //r852
025 ## - OVERSEAS ACQUISITION NUMBER
Overseas acquisition number PL480:I-E-2371
043 ## - GEOGRAPHIC AREA CODE
Geographic area code a-ii---
050 0# - LIBRARY OF CONGRESS CALL NUMBER
Classification number HA1728.M14
Item number A38
110 10 - MAIN ENTRY--CORPORATE NAME
Corporate name or jurisdiction name as entry element Madhya Pradesh (India).
Subordinate unit Directorate of Economics and Statistics.
245 10 - TITLE STATEMENT
Title Regional income atlas of Madhya Pradesh.
260 1# - PUBLICATION, DISTRIBUTION, ETC.
Place of publication, distribution, etc. Bhopal,
Date of publication, distribution, etc. [1960]
300 ## - PHYSICAL DESCRIPTION
Extent 114 p.
Other physical details maps (part col.)
Dimensions 27 x 34 cm.
651 #0 - SUBJECT ADDED ENTRY--GEOGRAPHIC NAME
Geographic name Madhya Pradesh (India)
General subdivision Statistics.

No items available.

Powered by Koha